000 00390nam a22001697a 4500
003 MPLRDC
005 20220104144230.0
008 210129b ||||| |||| 00| 0 eng d
082 _a857.7 XMY v.728
100 _a沈洛
245 _a偏偏动了心
_c
260 _a
_b星河出版社
_c
300 _b
490 _a寻梦园系列:728
650 _a
942 _cBK
_o857.7 XMY v.728
999 _c47652
_d47642